[Event "III Liga KPZSzach - Sezon 2016/2017"]
[Site "Wojewodztwo Kujawsko-Pomorskie"]
[Date "2016.??.??"]
[Round "1.1"]
[White "Kacprzak, Karol"]
[Black "Baumann, Dariusz"]
[Result "0-1"]
[WhiteElo "1567"]
[BlackElo "2062"]
[PlyCount "68"]
[EventDate "2016.??.??"]

1. e4 e5 2. d4 exd4 3. Nf3 Nc6 4. Bc4 h6 5. O-O g6 6. Nxd4 Bg7 7. Nxc6 bxc6 8.
Nc3 d6 9. Qe2 Qe7 10. Bd2 Nf6 11. Rfe1 O-O 12. h3 Nd7 13. Bf4 Kh7 14. Qd2 Ne5
15. Bb3 g5 16. Bg3 Ng6 17. Rab1 Be5 18. Ne2 Qf6 19. Bxe5 dxe5 20. Qb4 g4 21.
hxg4 Bxg4 22. Ng3 h5 23. Qc3 h4 24. Nf1 Nf4 25. Ne3 Rg8 26. Kh2 Rg6 27. Qc4 Be6
28. Qxc6 Rag8 29. Rg1 Nxg2 30. Nf5 Qg5 31. Bxe6 Qf4+ 32. Kh1 Qf3 33. Nd4 exd4
34. Bf5 Ne3+ 0-1

[Event "III Liga KPZSzach - Sezon 2016/2017"]
[Site "Wojewodztwo Kujawsko-Pomorskie"]
[Date "2016.??.??"]
[Round "1.4"]
[White "Grochowalski, Pawel"]
[Black "Paprocki, Antoni"]
[Result "1-0"]
[WhiteElo "2136"]
[BlackElo "1357"]
[PlyCount "71"]
[EventDate "2016.??.??"]

1. d4 Nf6 2. g3 g6 3. Bg2 Bg7 4. Nf3 O-O 5. O-O d6 6. c4 Nbd7 7. Nc3 c5 8. b3
a6 9. Bb2 Rb8 10. a4 b6 11. Re1 Bb7 12. d5 Qc7 13. h3 e6 14. e4 Rfe8 15. Qd2 e5
16. Rf1 h6 17. Ne1 Nh5 18. Bf3 Nhf6 19. Nd3 Nh7 20. Bg2 f5 21. f4 fxe4 22. Nxe4
Nhf8 23. fxe5 dxe5 24. Ndf2 Qd8 25. Nd6 Ba8 26. Nxe8 Qxe8 27. Ne4 Qe7 28. Rf2
Nh7 29. Raf1 Nhf6 30. Qd3 g5 31. Nxf6+ Nxf6 32. Qg6 Rf8 33. Be4 Bb7 34. Bf5 Kh8
35. Be6 Nh7 36. Rf7 1-0

[Event "III Liga KPZSzach - Sezon 2016/2017"]
[Site "Wojewodztwo Kujawsko-Pomorskie"]
[Date "2016.??.??"]
[Round "1.6"]
[White "Grabarczyk, Sylwester"]
[Black "Szybowicz, Piotr"]
[Result "1/2-1/2"]
[WhiteElo "1791"]
[BlackElo "1938"]
[PlyCount "64"]
[EventDate "2016.??.??"]

1. e4 c5 2. Nc3 e6 3. g3 d5 4. exd5 exd5 5. Bg2 Nf6 6. d3 Be7 7. Nf3 Bg4 8. O-O
Nc6 9. h3 Bf5 10. g4 Be6 11. Ng5 Qd7 12. Nxe6 fxe6 13. g5 Ng8 14. f4 g6 15. f5
exf5 16. Nxd5 O-O-O 17. Bf4 Bd6 18. Qf3 Bxf4 19. Qxf4 Nge7 20. Nxe7+ Nxe7 21.
Rae1 Nc6 22. Kh1 Rhe8 23. Qc4 b6 24. Qa6+ Kb8 25. Qa4 Kc7 26. c3 Rxe1 27. Rxe1
Re8 28. Rxe8 Qxe8 29. d4 cxd4 30. cxd4 Qe6 31. Qc2 Kd7 32. Qa4 Kc7 1/2-1/2

[Event "III Liga KPZSzach - Sezon 2016/2017"]
[Site "Wojewodztwo Kujawsko-Pomorskie"]
[Date "2016.??.??"]
[Round "1.7"]
[White "Wargulec, Dariusz"]
[Black "Hetmanski, Waldemar"]
[Result "1-0"]
[WhiteElo "1934"]
[BlackElo "1860"]
[PlyCount "69"]
[EventDate "2016.??.??"]

1. Nf3 Nf6 2. c4 g6 3. Nc3 Bg7 4. g3 O-O 5. Bg2 c5 6. O-O d6 7. d4 Na6 8. d5
Nc7 9. e4 a6 10. a4 b6 11. Ne1 Rb8 12. f4 Nd7 13. Qd3 b5 14. axb5 axb5 15. Nxb5
Nxb5 16. cxb5 Qb6 17. Kh1 Qxb5 18. Qxb5 Rxb5 19. Rf2 Nb6 20. Rc2 f5 21. Ra7 Re8
22. Bf1 Rb4 23. e5 Nxd5 24. Bc4 Be6 25. b3 Bf7 26. Bd2 Rbb8 27. exd6 Rbd8 28.
d7 Rf8 29. Ba5 Nb4 30. Bxd8 Rxd8 31. Bxf7+ Kxf7 32. Rxc5 Bd4 33. Rc8 Bxa7 34.
Rxd8 Nc6 35. Rc8 1-0

[Event "III Liga KPZSzach - Sezon 2016/2017"]
[Site "Wojewodztwo Kujawsko-Pomorski"]
[Date "2016.??.??"]
[Round "1.8"]
[White "Tabaczka, Jerzy"]
[Black "Kadukowski, Pawel"]
[Result "0-1"]
[WhiteElo "1934"]
[BlackElo "1860"]
[PlyCount "65"]
[EventDate "2016.??.??"]

1. c4 Nf6 2. Nc3 d5 3. cxd5 Nxd5 4. Nxd5 Qxd5 5. Nf3 e5 6. d3 Bd6 7. g3 O-O 8.
Bg2 c6 9. O-O Qe6 10. a3 Nd7 11. b4 Nf6 12. Bb2 Qe7 13. Qc2 Bf5 14. Nh4 Be6 15.
e4 Nd7 16. d4 exd4 17. f4 f6 18. Bxd4 c5 19. Be3 cxb4 20. axb4 Rac8 21. Qf2 a6
22. Nf5 Bxf5 23. exf5 Rc7 24. b5 axb5 25. Rfe1 Bc5 26. Bd4 Bxd4 27. Rxe7 Bxf2+
28. Kxf2 Rc2+ 29. Kg1 Nc5 30. Ra7 Rb8 31. h4 h6 32. Ra1 b4 33. Bf1 0-1

[Event "III Liga KPZSzach - Sezon 2016/2017"]
[Site "Wojewodztwo Kujawsko-Pomorskie"]
[Date "2016.??.??"]
[Round "1.9"]
[White "Bialas, Jerzy"]
[Black "Jozwicki, Jakub"]
[Result "0-1"]
[WhiteElo "1687"]
[BlackElo "2225"]
[PlyCount "106"]
[EventDate "2016.??.??"]

1. e4 c5 2. c3 d5 3. exd5 Qxd5 4. d4 Nf6 5. Nf3 e6 6. Be2 Nc6 7. O-O cxd4 8.
cxd4 Be7 9. Nc3 Qd6 10. Nb5 Qb8 11. h3 O-O 12. Be3 a6 13. Nc3 b5 14. Rc1 Bb7
15. Qd2 Rd8 16. Rfd1 Nd5 17. Nxd5 Rxd5 18. Qc2 Qd6 19. Bd3 f5 20. g3 Rd8 21.
Be2 Bf6 22. Bf4 Qe7 23. Be5 Bxe5 24. dxe5 Nxe5 25. Rxd5 Rxd5 26. Nxe5 Rxe5 27.
Bf1 Qd6 28. Qc7 Qxc7 29. Rxc7 Bd5 30. b3 Re1 31. f4 Re3 32. Kf2 Rf3+ 33. Ke1
Rxg3 34. Ra7 Re3+ 35. Kd2 Rf3 36. Be2 Rxf4 37. Rxa6 b4 38. Rb6 Kf7 39. Bc4 Bxc4
40. Rxb4 Rf2+ 41. Ke3 Rxa2 42. bxc4 Ra3+ 43. Kd4 Rxh3 44. Rb7+ Kf6 45. c5 Rh4+
46. Kc3 Ra4 47. c6 Ra6 48. c7 Rc6+ 49. Kd3 h5 50. Ke3 g5 51. Kd4 h4 52. Ke3 g4
53. Kf4 Rc3 0-1

[Event "III Liga KPZSzach - Sezon 2016/2017"]
[Site "Wojewodztwo Kujawsko-Pomorskie"]
[Date "2016.??.??"]
[Round "1.11"]
[White "Zolnierowicz, Krzysztof"]
[Black "Sliwicki, Damian"]
[Result "0-1"]
[WhiteElo "2025"]
[BlackElo "2118"]
[PlyCount "62"]
[EventDate "2016.??.??"]

1. Nf3 e6 2. e4 c5 3. d4 cxd4 4. Nxd4 Nc6 5. Nc3 Qc7 6. Be2 Nf6 7. O-O a6 8.
Nxc6 bxc6 9. f4 d5 10. Bd3 Be7 11. e5 Nd7 12. Na4 O-O 13. b3 g6 14. Bb2 c5 15.
c4 dxc4 16. Bxc4 Nb6 17. Nxb6 Qxb6 18. Qg4 a5 19. Rad1 a4 20. Rf2 axb3 21. axb3
Ba6 22. Rfd2 Bxc4 23. bxc4 Qb3 24. Qe2 Ra2 25. Bc1 Rxd2 26. Bxd2 Rd8 27. Rf1
Qc2 28. Rf2 Rd4 29. Qe1 Qxc4 30. Be3 Rd3 31. Rb2 Qd5 0-1

[Event "III Liga KPZSzach - Sezon 2016/2017"]
[Site "Wojewodztwo Kujawsko-Pomorskie"]
[Date "2016.??.??"]
[Round "1.12"]
[White "Jablonski, Miroslaw"]
[Black "Cwik, Jakub"]
[Result "1-0"]
[WhiteElo "1994"]
[BlackElo "1831"]
[PlyCount "109"]
[EventDate "2016.??.??"]

1. d4 e6 2. Nf3 Nf6 3. e3 b6 4. Bd3 Bb7 5. Nbd2 c5 6. O-O cxd4 7. exd4 Be7 8.
Re1 O-O 9. Nf1 d6 10. Ng3 Nbd7 11. c4 d5 12. b3 Rc8 13. Bb2 Bb4 14. Re2 dxc4
15. bxc4 Bxf3 16. gxf3 Qc7 17. a3 Bd6 18. Qf1 Rfe8 19. Qh3 e5 20. Rae1 exd4 21.
Rxe8+ Rxe8 22. Rxe8+ Nxe8 23. Qxh7+ Kf8 24. Nf5 Ndf6 25. Qh8+ Ng8 26. Bxd4 Be5
27. Nh6 Bxh2+ 28. Kg2 gxh6 29. Bh7 Ke7 30. Bxg8 Bf4 31. Qh7 Nd6 32. Qg7 Ke8 33.
Qh8 Qxc4 34. Bh7+ Kd7 35. Bf6 Qe6 36. Qd8+ Kc6 37. Bd4 Kd5 38. Bc3 Qc8 39. Qf6
Qc4 40. Be4+ Nxe4 41. Qxf7+ Kc5 42. Bb4+ Kb5 43. Qe8+ Qc6 44. a4+ Kxb4 45. Qxc6
Nc5 46. Qb5+ Ka3 47. a5 Bc7 48. Qc6 Bf4 49. axb6 axb6 50. Qxb6 Nb3 51. Qf6 Bg5
52. Qd6+ Kb2 53. f4 Bh4 54. Qxh6 Be7 55. Qg7+ 1-0

[Event "III Liga KPZSzach - Sezon 2016/2017"]
[Site "Wojewodztwo Kujawsko-Pomorskie"]
[Date "2016.??.??"]
[Round "1.13"]
[White "Rogulski, Sebastian"]
[Black "Tamon, Radoslaw"]
[Result "0-1"]
[WhiteElo "1517"]
[BlackElo "1800"]
[PlyCount "104"]
[EventDate "2016.??.??"]

1. e4 e6 2. d4 d5 3. exd5 exd5 4. Bd3 Bd6 5. Ne2 Ne7 6. O-O c6 7. c3 Qc7 8. Ng3
Be6 9. Bg5 Nd7 10. Re1 Nf6 11. Bxf6 gxf6 12. Qf3 h5 13. Qxf6 O-O-O 14. Nf5
Bxh2+ 15. Kh1 Nxf5 16. Bxf5 Bxf5 17. Qxf5+ Rd7 18. Re7 Bd6 19. Rxf7 Qd8 20. Nd2
Qh4+ 21. Kg1 Qh2+ 22. Kf1 Rhd8 23. Re1 Kc7 24. Re3 Qh1+ 25. Ke2 Rxf7 26. Qxf7+
Rd7 27. Qf3 Qc1 28. b4 Qc2 29. g3 Qg6 30. a4 Rf7 31. Qh1 Qf5 32. Rf3 Qe6+ 33.
Kd1 Qg4 34. Qh4 Rxf3 35. Qxg4 hxg4 36. Nxf3 gxf3 37. Kd2 Kd7 38. Ke3 Ke6 39.
Kxf3 Kf5 40. a5 b5 41. axb6 axb6 42. Kg2 Ke4 43. g4 Kd3 44. g5 Kxc3 45. g6 Bf8
46. f4 Kxd4 47. Kf3 Bg7 48. Kg4 Ke4 49. Kg5 d4 50. f5 Ke5 51. Kg4 c5 52. bxc5
bxc5 0-1

[Event "III Liga KPZSzach - Sezon 2016/2017"]
[Site "Wojewodztwo Kujawsko-Pomorskie"]
[Date "2016.??.??"]
[Round "1.14"]
[White "Pawlowski, Pawel"]
[Black "Urban, Jacek"]
[Result "1/2-1/2"]
[WhiteElo "1725"]
[BlackElo "1479"]
[PlyCount "125"]
[EventDate "2016.??.??"]

1. e4 e5 2. Nf3 Nf6 3. Nxe5 d6 4. Nf3 Nxe4 5. Nc3 Nf6 6. d4 Be7 7. Bd3 O-O 8.
h3 Re8 9. O-O Nc6 10. a3 Bf8 11. Bg5 g6 12. Qd2 Be7 13. Rfe1 Nh5 14. Bh6 d5 15.
Re2 Be6 16. b4 Nb8 17. Nd1 Nd7 18. c3 Bd6 19. Ne5 f5 20. Bg5 Nhf6 21. Nxd7 Bxd7
22. Rxe8+ Bxe8 23. Ne3 Bf7 24. Qc2 Be7 25. Re1 c6 26. g3 b5 27. Qe2 Ne4 28.
Bxe7 Qxe7 29. Qc2 Qf6 30. Bxe4 fxe4 31. Ng4 Qg5 32. Ne5 Be8 33. Qe2 h5 34. h4
Qf5 35. f3 exf3 36. Qxf3 Qxf3 37. Nxf3 Kf8 38. Re6 a5 39. Ne5 axb4 40. axb4 Ra3
41. Nxg6+ Bxg6 42. Rxg6 Rxc3 43. Kf2 Kf7 44. Rd6 Rc4 45. Ke3 Rxb4 46. Rxc6 Rb3+
47. Kf4 b4 48. Rd6 Rd3 49. Rxd5 b3 50. Rb5 Rxd4+ 51. Kg5 Rg4+ 52. Kxh5 Rxg3 53.
Rb6 Rd3 54. Kh6 Rh3 55. Kg5 Ke7 56. h5 Rg3+ 57. Kf4 Rh3 58. Kg4 Rc3 59. Kf5 Kd7
60. h6 Rh3 61. h7 Kc7 62. h8=Q Rxh8 63. Rxb3 1/2-1/2

[Event "III Liga KPZSzach - Sezon 2016/2017"]
[Site "Wojewodztwo Kujawsko-Pomorskie"]
[Date "2016.??.??"]
[Round "1.15"]
[White "Pyzewska, Ewelina"]
[Black "Sivickis, Wiktoria"]
[Result "0-1"]
[WhiteElo "1366"]
[BlackElo "1368"]
[PlyCount "76"]
[EventDate "2016.??.??"]

1. e4 c6 2. d4 d5 3. e5 g6 4. c4 Bg7 5. Nc3 e6 6. Nf3 Qc7 7. Bd3 Ne7 8. Bg5
dxc4 9. Bxc4 Nd5 10. Qd2 O-O 11. Ne4 Nd7 12. Bxd5 exd5 13. Nf6+ Nxf6 14. Bxf6
Bxf6 15. exf6 Qd6 16. Qg5 Re8+ 17. Kf1 Bf5 18. h4 Re4 19. Ne5 Rxd4 20. g4 Qxe5
21. gxf5 Qxf5 22. Qxf5 gxf5 23. Re1 Kf8 24. h5 Re8 25. Kg2 Rxe1 26. Rxe1 Re4
27. Re3 Rxe3 28. fxe3 Ke8 29. Kf3 Kd7 30. Kf4 h6 31. Kxf5 Kd6 32. b4 b5 33. a3
a6 34. e4 dxe4 35. Kxe4 Ke6 36. Kd4 Kxf6 37. Kc5 Ke5 38. Kxc6 f5 0-1

[Event "III Liga KPZSzach - Sezon 2016/2017"]
[Site "Wojewodztwo Kujawsko-Pomorskie"]
[Date "2016.??.??"]
[Round "1.16"]
[White "Stasiak, Tomasz"]
[Black "Bieluszewski, Robert"]
[Result "1-0"]
[WhiteElo "1621"]
[BlackElo "1877"]
[PlyCount "85"]
[EventDate "2016.??.??"]

1. d4 Nf6 2. Nf3 e6 3. Nc3 a6 4. Bg5 Be7 5. e3 Nd5 6. Nxd5 exd5 7. Bxe7 Qxe7 8.
Bd3 d6 9. h3 Bd7 10. c3 Nc6 11. Qc2 h6 12. Bf5 Bxf5 13. Qxf5 Qe6 14. Qd3 Ne7
15. b4 O-O 16. O-O Rac8 17. Rfb1 c6 18. a4 Rc7 19. Rb2 Rfc8 20. Rab1 b5 21. Ra1
Ng6 22. Qd2 Nf8 23. Ne1 Nd7 24. a5 c5 25. Rc2 cxb4 26. cxb4 Rc4 27. Rac1 g5 28.
Nd3 f5 29. Nb2 Rxc2 30. Rxc2 Nf6 31. Qc1 Rxc2 32. Qxc2 Ne4 33. Qc6 f4 34. Nd1
Qf7 35. Qxa6 fxe3 36. fxe3 Qh5 37. Qc8+ Kg7 38. Qc2 g4 39. Qe2 Nf6 40. Nf2 Qg6
41. Nxg4 Nh5 42. Qxb5 Qe6 43. a6 1-0

[Event "III Liga KPZSzach - Sezon 2016/2017"]
[Site "Wojewodztwo Kujawsko-Pomorskie"]
[Date "2016.??.??"]
[Round "1.17"]
[White "Luchowski, Ferdynand"]
[Black "Winkler, Bogdan"]
[Result "1/2-1/2"]
[WhiteElo "1578"]
[BlackElo "1533"]
[PlyCount "105"]
[EventDate "2016.??.??"]

1. d4 Nf6 2. c4 e6 3. Nc3 Bb4 4. Bd2 c5 5. dxc5 Bxc5 6. e3 O-O 7. Nf3 Nc6 8. a3
a5 9. Be2 d5 10. cxd5 exd5 11. O-O Re8 12. Na4 Ba7 13. Bc3 Be6 14. Nd4 Bd7 15.
Re1 Ne4 16. Bd3 Qg5 17. Nf3 Qf5 18. Rf1 Rad8 19. Bd4 Nxd4 20. exd4 Qg4 21. Nc3
Bc6 22. Rc1 Bb8 23. Be2 Qf4 (23... Qf5 24. g3) 24. g3 Qh6 25. Re1 Re6 26. Bf1
Rf6 27. Bg2 Qh5 28. Rf1 Rh6 29. Nh4 Qg5 30. Nf3 Qf6 31. Qc2 g5 32. Rcd1 g4 33.
Ne1 Nxc3 34. Qxc3 Bb5 35. Nd3 Qf5 36. f4 Qh5 37. Kf2 Rc6 38. Qd2 Rdc8 39. Qxa5
Bxd3 40. Rxd3 Rc2+ 41. Rd2 Rxd2+ 42. Qxd2 Qf5 43. Rc1 Rd8 44. Qa5 Qf6 45. Qc3
Ba7 46. Rd1 Qf5 47. Qd3 Qd7 48. b4 Rc8 49. Qe2 Rc3 50. Rd3 Rc4 51. Qe5 Rc2+ 52.
Kg1 Rc1+ 53. Kf2 1/2-1/2

[Event "III Liga KPZSzach - Sezon 2016/2017"]
[Site "Wojewodztwo Kujawsko-Pomorskie"]
[Date "2016.??.??"]
[Round "1.21"]
[White "Jaroch, Karol"]
[Black "Gawronski, Miroslaw"]
[Result "1-0"]
[WhiteElo "2236"]
[BlackElo "2092"]
[PlyCount "173"]
[EventDate "2016.??.??"]

1. e4 c6 2. Nc3 d5 3. Nf3 Bg4 4. h3 Bxf3 5. Qxf3 e6 6. Be2 dxe4 7. Nxe4 Nd7 8.
O-O Ngf6 9. d4 Nxe4 10. Qxe4 Nf6 11. Qh4 Be7 12. Bd3 Qc7 13. c3 h6 14. Re1
O-O-O 15. Bf4 Bd6 16. Be5 Bxe5 17. Rxe5 g5 18. Qg3 Nd7 19. Re3 Qxg3 20. fxg3
Rhf8 21. Rf1 Rde8 22. Bc4 Kc7 23. Bb3 Kd6 24. g4 a6 25. Bc2 Re7 26. c4 f6 27.
c5+ Kc7 28. b4 Kd8 29. Bb3 e5 30. d5 cxd5 31. Bxd5 Kc7 32. Be4 Rff7 33. Rc1 Nb8
34. b5 axb5 35. Rb3 Nc6 36. Rxb5 Nd8 37. Rcb1 Kc8 38. Bf5+ Kb8 39. Rd1 Nc6 40.
Rd6 Rc7 41. Rb6 Ka7 42. Bg6 Rf8 43. Be4 Nd4 44. a4 Ne2+ 45. Kf2 Nc3 46. Bd3 e4
47. Bf1 f5 48. Rxh6 fxg4+ 49. Rbf6 Rxf6+ 50. Rxf6 gxh3 51. gxh3 Rxc5 52. Re6
Rf5+ 53. Ke1 Nxa4 54. Rxe4 Nc5 55. Rb4 b6 56. Rb1 Kb7 57. Kd2 Kc6 58. Ke3 Re5+
59. Kd4 Re4+ 60. Kc3 Rh4 61. Bg2+ Kc7 62. Rf1 Ne6 63. Rf5 Rf4 64. Re5 Kd6 65.
Rd5+ Ke7 66. Rb5 Nc5 67. Rb1 Rf2 68. Bf1 Kd7 69. Kd4 Kc7 70. Ke3 Rc2 71. Kf3
Rc3+ 72. Kg4 Ne4 73. Re1 Nf2+ 74. Kxg5 Nxh3+ 75. Kf5 Nf2 76. Ke5 Ng4+ 77. Kd4
Rc6 78. Re7+ Kd8 79. Ra7 Rd6+ 80. Ke4 Nf6+ 81. Ke5 Rc6 82. Bg2 Nd7+ 83. Kd5 Rc2
84. Kd6 Kc8 85. Bd5 Rc5 86. Be6 Rc1 87. Ra8+ 1-0

[Event "III Liga KPZSzach - Sezon 2016/2017"]
[Site "Wojewodztwo Kujawsko-Pomorskie"]
[Date "2016.??.??"]
[Round "1.22"]
[White "Kwiatkowski, Jacek"]
[Black "Szatkowski, Pawel"]
[Result "0-1"]
[WhiteElo "1845"]
[BlackElo "1210"]
[PlyCount "112"]
[EventDate "2016.??.??"]

1. d4 Nf6 2. Nf3 e6 3. e3 c5 4. Bd3 a6 5. O-O Nc6 6. Nbd2 Be7 7. Re1 b5 8. c3
O-O 9. e4 d5 10. e5 Nd7 11. Nf1 c4 12. Bc2 a5 13. h3 a4 14. a3 Na5 15. Rb1 Nb3
16. Bf4 Na5 17. Qd2 Re8 18. Ng3 Nf8 19. Rbd1 Ng6 20. Bg5 Bxg5 21. Nxg5 Nc6 22.
f4 Nce7 23. Nh5 Nf5 24. Qf2 h6 25. Nf3 Ngh4 26. Nh2 Ng6 27. g4 Nfh4 28. Kh1 Qe7
29. f5 exf5 30. gxf5 Qg5 31. Ng3 Nf4 32. Re3 Nfg2 33. Re2 Nf4 34. Re3 Nxh3 35.
Qe1 Nf4 36. Rd2 Bxf5 37. Bxf5 Nxf5 38. Nxf5 Qxf5 39. Rf2 Qg5 40. Nf3 Qh5+ 41.
Rh2 Qg4 42. Qf2 Nh3 43. Qf1 Nf4 44. Rh4 Qf5 45. Nh2 g5 46. Rxh6 Re6 47. Rxe6
fxe6 48. Rg3 Ra7 49. Ng4 Rh7+ 50. Kg1 Nh3+ 51. Kg2 Qc2+ 52. Nf2 Nf4+ 53. Kg1
Ne2+ 54. Kg2 Nxg3 55. Kxg3 Qf5 56. Qc1 Rf7 0-1

[Event "III Liga KPZSzach - Sezon 2016/2017"]
[Site "Wojewodztwo Kujawsko-Pomorskie"]
[Date "2016.??.??"]
[Round "1.23"]
[White "Kozlowski, Michal"]
[Black "Chodorowski, Dawid"]
[Result "0-1"]
[WhiteElo "1266"]
[BlackElo "1861"]
[PlyCount "80"]
[EventDate "2016.??.??"]

1. e4 g6 2. d4 Bg7 3. Be3 c5 4. c3 cxd4 5. cxd4 d5 6. exd5 Qxd5 7. Nc3 Qa5 8.
Qa4+ Qxa4 9. Nxa4 Nf6 10. Rc1 O-O 11. g3 Bd7 12. Nc3 Bc6 13. f3 Ng4 14. Ke2
Nxe3 15. Kxe3 Bh6+ 16. f4 Bxh1 17. d5 Nd7 18. Nh3 Nb6 19. Rd1 Rfd8 20. Nf2
Nxd5+ 21. Nxd5 Bxd5 22. b3 Bc6 23. Rxd8+ Rxd8 24. Bd3 e5 25. h4 exf4+ 26. gxf4
Re8+ 27. Kd2 Bxf4+ 28. Kc3 Bg3 29. Ng4 Bxh4 30. a4 h5 31. Nh2 Bg2 32. Nf1 Bxf1
33. Bxf1 Be1+ 34. Kb2 g5 35. Kc2 g4 36. Kd1 h4 37. Be2 g3 38. Kxe1 g2 39. Kf2
Rxe2+ 40. Kxe2 g1=Q 0-1

[Event "III Liga KPZSzach - Sezon 2016/2017"]
[Site "Wojewodztwo Kujawsko-Pomorskie"]
[Date "2016.??.??"]
[Round "1.24"]
[White "Czarnolewski, Piotr"]
[Black "Zygadlo, Kajetan"]
[Result "1/2-1/2"]
[WhiteElo "1672"]
[BlackElo "1378"]
[PlyCount "122"]
[EventDate "2016.??.??"]

1. e4 c5 2. Nf3 d6 3. d3 g6 4. g3 Bg7 5. Bg2 Nc6 6. O-O Nf6 7. a4 O-O 8. Re1 e5
9. Na3 h6 10. Nc4 Be6 11. Bd2 Qc7 12. c3 Nd7 13. Ne3 a6 14. Nd5 Bxd5 15. exd5
Ne7 16. c4 Nf6 17. Bc3 Nd7 18. Rb1 a5 19. Nd2 b6 20. f4 Nf5 21. Ne4 Rfe8 22.
Qf3 Nd4 23. Bxd4 exd4 24. h4 f5 25. Nf2 Nf6 26. Re6 Rxe6 27. dxe6 Re8 28. Re1
Qc8 29. Qc6 Qxc6 30. Bxc6 Re7 31. Bd5 Ne8 32. Kg2 Nc7 33. Kf3 h5 34. Re2 Bf6
35. Nh3 Kf8 36. Ng1 Kg7 37. Kf2 Kf8 38. Nf3 Kg7 39. Nd2 Kf8 40. Nb1 Ke8 41. Na3
Kd8 42. Nb5 Nxb5 43. cxb5 Kc7 44. Ke1 Kb8 45. Kd2 Ka7 46. Kc2 Kb8 47. Kb3 Ka7
48. Kc4 Bg7 49. Bc6 Kb8 50. Kd5 Kc7 51. Bd7 Bf6 52. Rc2 Bg7 53. b3 Bf8 54. Rc1
Bg7 55. Ra1 Bf8 56. Ra2 Rg7 57. Be8 Be7 58. Bf7 Kb7 59. Re2 Kc7 60. Be8 Rg8 61.
Bc6 Rb8 1/2-1/2

[Event "III Liga KPZSzach - Sezon 2016/2017"]
[Site "Wojewodztwo Kujawsko-Pomorskie"]
[Date "2016.??.??"]
[Round "1.2"]
[White "Kulinski, Krzysztof"]
[Black "Paprocki, Stanislaw"]
[Result "1-0"]
[WhiteElo "2058"]
[BlackElo "1553"]
[PlyCount "75"]
[EventDate "2016.??.??"]

1. Nf3 Nf6 2. g3 g6 3. Bg2 Bg7 4. O-O O-O 5. c4 d6 6. Nc3 c6 7. d4 Qc7 8. e4 e5
9. h3 Nbd7 10. Be3 a5 11. Qc2 h6 12. b3 Ne8 13. dxe5 dxe5 14. Nh4 Kh7 15. Rad1
Bf6 16. Nf3 Bg7 17. Nh2 f5 18. exf5 gxf5 19. g4 Ndf6 20. gxf5 Nd6 21. Bc5 Rd8
22. Bxd6 Rxd6 23. Rxd6 Qxd6 24. Rd1 Qe7 25. Ng4 h5 26. Nxf6+ Bxf6 27. Bf3 h4
28. Bh5 Bd7 29. Bg6+ Kg7 30. Qe2 Rg8 31. Ne4 Be8 32. Bxe8 Qxe8 33. Kh1 Be7 34.
Rg1+ Kf8 35. Rxg8+ Kxg8 36. f6 Bb4 37. Qg4+ Kf8 38. Qg7# 1-0

[Event "III Liga KPZSzach - Sezon 2016/2017"]
[Site "Wojewodztwo Kujawsko-Pomorskie"]
[Date "2016.??.??"]
[Round "1.3"]
[White "Kacprzak, Kacper"]
[Black "Cichocki, Konrad"]
[Result "0-1"]
[WhiteElo "1543"]
[BlackElo "1831"]
[PlyCount "84"]
[EventDate "2016.??.??"]

1. e4 e5 2. Nf3 Nc6 3. d4 exd4 4. Bc4 Nf6 5. O-O Nxe4 6. Re1 d5 7. Bxd5 Qxd5 8.
Nc3 Qa5 9. Nxe4 Be6 10. Neg5 O-O-O 11. Nxe6 fxe6 12. Ng5 Bb4 13. Rxe6 Qf5 14.
Qd3 Qxd3 15. cxd3 Rde8 16. Bf4 h6 17. Rxe8+ Rxe8 18. Ne4 Ne5 19. Bxe5 Rxe5 20.
a3 Be7 21. Rc1 Rb5 22. b4 a5 23. Nc5 Bxc5 24. Rxc5 Rxc5 25. bxc5 Kd7 26. Kf1
Kc6 27. Ke2 Kxc5 28. Kd2 b5 29. Kc2 Kd5 30. f4 c5 31. g4 c4 32. h4 b4 33. axb4
axb4 34. dxc4+ Kxc4 35. g5 b3+ 36. Kd2 d3 37. gxh6 gxh6 38. f5 b2 39. f6 b1=Q
40. f7 Qc2+ 41. Ke3 Qe2+ 42. Kf4 Qf2+ 0-1

[Event "III Liga KPZSzach - Sezon 2016/2017"]
[Site "Wojewodztwo Kujawsko-Pomorskie"]
[Date "2016.??.??"]
[Round "1.5"]
[White "Wloch, Dominika"]
[Black "Cichocka, Katarzyna"]
[Result "0-1"]
[WhiteElo "1180"]
[BlackElo "1585"]
[PlyCount "66"]
[EventDate "2016.??.??"]

1. e4 c5 2. Nc3 d6 3. g3 Nc6 4. Bg2 Nf6 5. f4 Bg4 6. Nf3 Nd4 7. h3 Bxf3 8. Bxf3
Nxf3+ 9. Qxf3 Qc7 10. d3 e6 11. Be3 Be7 12. g4 O-O-O 13. O-O h5 14. g5 Nd7 15.
a3 f6 16. h4 fxg5 17. hxg5 Rdf8 18. Qh3 Re8 19. d4 Kb8 20. a4 Nb6 21. b3 cxd4
22. Bxd4 e5 23. fxe5 Bxg5 24. Qg3 Qd8 25. exd6 Bh4 26. Qg2 Qxd6 27. Nb5 Qg3 28.
Qxg3+ Bxg3 29. Bxg7 Rhg8 30. Bf6 Be5+ 31. Kh1 Bxa1 32. Bxa1 Rxe4 33. a5 Rh4#
0-1